[Event "Beacon Seniors op 50+"]
[Site "Exmouth"]
[Date "2005.11.17"]
[Round "4"]
[White "Walker, Roger W"]
[Black "Gosling, Brian GE"]
[Result "1/2-1/2"]
[WhiteElo "1424"]
[BlackElo "1792"]
[PlyCount "51"]
[EventDate "2005.11.14"]
[EventType "swiss"]
[EventRounds "5"]
[EventCountry "ENG"]
[SourceTitle "EXT 2007"]
[Source "ChessBase"]
[SourceDate "2006.11.23"]
[SourceVersion "1"]
[SourceVersionDate "2006.11.23"]
[SourceQuality "1"]

1. e4 c6 2. d4 d5 3. exd5 cxd5 4. c4 Nf6 5. c5 Nc6 6. Nc3 g6 7. Bb5 Bg7 8. Bxc6+ bxc6 9. b4 0-0 10. h3 e5 11. Be3 exd4 12. Bxd4 Re8+ 13. Nge2 Ba6 14. 0-0 Bc4 15. Re1 a5 16. a3 Qc7 17. Rb1 axb4 18. axb4 Rab8 19. Qd2 Bxe2 20. Rxe2 Rxe2 21. Qxe2 Re8 22. Qd3 Qf4 23. g3 Qb8 24. b5 cxb5 25. Nxb5 Re6 26. Nd6 1/2-1/2

[Event "Beacon Seniors op 50+"]
[Site "Exmouth"]
[Date "2005.11.16"]
[Round "3"]
[White "Walker, Roger W"]
[Black "Torrance, John"]
[Result "1-0"]
[WhiteElo "1424"]
[BlackElo "1584"]
[PlyCount "107"]
[EventDate "2005.11.14"]
[EventType "swiss"]
[EventRounds "5"]
[EventCountry "ENG"]
[SourceTitle "EXT 2007"]
[Source "ChessBase"]
[SourceDate "2006.11.23"]
[SourceVersion "1"]
[SourceVersionDate "2006.11.23"]
[SourceQuality "1"]

1. e4 e6 2. d4 c5 3. Nf3 cxd4 4. Nxd4 Nc6 5. Be3 a6 6. Nc3 d6 7. a3 Nge7 8. Be2 Nxd4 9. Bxd4 Nc6 10. Be3 Be7 11. Qd2 0-0 12. Rd1 Qc7 13. 0-0 b5 14. f4 Na5 15. b3 Bb7 16. Bf3 Rac8 17. Nb1 Ba8 18. Rc1 Nb7 19. c4 Qa5 20. b4 Qd8 21. cxb5 axb5 22. Qd3 Qd7 23. Be2 Rxc1 24. Rxc1 Rc8 25. Rxc8+ Qxc8 26. Qxb5 Nd8 27. Qd3 Qc6 28. Bf3 e5 29. fxe5 dxe5 30. Nc3 Ne6 31. Nd5 Bf8 32. b5 Qb7 33. a4 Nc5 34. Qc4 Ne6 35. a5 h6 36. a6 Qb8 37. b6 Bd6 38. Qb5 Nd8 39. Qe8+ Kh7 40. b7 Bxb7 41. axb7 Nxb7 42. Qxf7 Bc5 43. Bxc5 Nxc5 44. h3 Qd8 45. Qf5+ Kh8 46. Qxe5 Qh4 47. Qc3 Nxe4 48. Qc8+ Kh7 49. Qf5+ Kh8 50. Bxe4 Qe1+ 51. Kh2 Kg8 52. Qe6+ Kf8 53. Qe7+ Kg8 54. Qe8# 1-0